LEADER 01067nam a2200253 i 4500 001 000000155956 003 CaOOAMICUS 005 20061124000000.0 008 061124s1969 it u000 u ita u 013 $a133310 040 $aSeMil$bita 240 12$aL'opera completa di Hans Memling.$0(OLS)http://semarc/title/228528 245 12$aL'opera completa di Memling /$cpresentazione di Maria Corti ; apparati critici e filologici di Giorgio T. Faggin. 260 $aMilano :$bRizzoli,$c1969. 300 $a115 p. :$bill. ;$c32 cm. 490 0 $aClassici dell'arte ;$v27 500 $aContiene : Bibliografia essenziale. 700 1 $aFaggin, Giorgio.$0(OLS)http://semarc/name/40871 700 1 $aCorti, Maria.$0(OLS)http://semarc/name/4140 830 0$aClassici dell'arte ;$v27.$0(OLS)http://semarc/title/529 850 $aSeMil 852 $aSeMil$W1$xVenegono$y1$m5L XI 27$j107778$B107778$CSeMilBibl$Z2$F117429 $81 996 $6245$aL'opera completa di Memling$9(OLS)http://semarc/title/228527 996 $6260$aMilano :$bRizzoli$9(OLS)http://semarc/publisher/29824 LEADER 01041nam a2200229 i 4500 001 000000048617 003 CaOOAMICUS 005 20230116135012.0 008 100428s1992 fr u000 u fre u 020 $a2-85121-119-6 040 $aSeMil$bita 245 00$a3: Tables et index. 300 $aLXIX, [1] c. di tav. ;$c25 cm. 490 1 $aCollection d'Études augustiniennes. Série antiquité 773 0 $tTertullien aux Mozarabes.$dParis : Institut d'Études Augustiniennes, 1992.$kCollection d'Études augustiniennes. Série antiquité$kCollection des études augustiniennes. Série Moyen Âge et temps moderne$w()7019 830 0$aCollection d'Études augustiniennes. Série antiquité.$0(OLS)http://semarc/title/9394 850 $aSeMil 852 $aSeMil$W1$xVenegono$y1$m2T V 131$j14772$B14772$CSeMilBibl$Z2$F14772 $81 961 $aAcquisto: Casa editrice 996 $6020$a2-85121-119-6$9(OLS)http://semarc/number/21742 996 $6245$a3: Tables et index$9(OLS)http://semarc/title/73601